| 000 | 00490 a2200157 4500 | ||
|---|---|---|---|
| 999 |
_c2786 _d2786 |
||
| 020 | _a9780340814673 | ||
| 050 | _aLB 1062 BRU 2004 | ||
| 100 |
_aBruce, Tina _eAuthor |
||
| 245 |
_aCultivating creativity : _bin babies, toddlers and young children / _cTina Bruce |
||
| 264 |
_aLondon: _bHodder and Stoughton, _c2004 |
||
| 300 |
_aviii, 159p. : _bill [col.] |
||
| 500 | _aIncludes index | ||
| 650 | _aEarly childhood development | ||
| 650 | _aCreative thinking | ||
| 942 |
_2lcc _cBK _h1062 _iBRU _kLB |
||